000 01165nam a2200325 i 4500
003 DO-SdBNP
005 20260303070429.0
007 ta
008 220609b2022 dr a|||| |||| 00| 0 spa d
020 _a9789945931174
040 _aDO-SdBNP
_bspa
_cBNPHU
_erda
041 _aspa
082 4 _axxx
_bxxx
_222
100 1 _aAyala Lafée, Cecilia,
_eautor
_4aut.
_954213
245 1 3 _aLa familia de Juan Pablo Duarte en la Caracas de 1845-1890 /
_cCecilia Ayala Lafée, Werner, Wilbert y Ariany Calles
250 _atercera edición
264 1 _aSanto Domingo :
_bInstituto Duartiano,
_c2022.
300 _a161 páginas :
_bilustraciones ;
_c22 cm.
336 _aTexto
_btxt
_2rdacontent
337 _asin mediación
_bn
_2rdamedia
338 _avolumen
_bnc
_2rdacarrier
500 _aIncluye datos biográficos de los autores en la contracubierta
500 _aIncluye referencias bibliográficas y notas al pie de las páginas
504 _aBibliografía : páginas 153-156
590 _aInventariado, 2022/BT
700 1 _aWilbert, Werner,
_eautor
_4aut.
_954215
700 1 _aCallez, Ariany,
_eautor
_4aut.
_981824
910 _aBtavárez
942 _2ddc
_cLBS1
999 _c51987
_d51987